Cómo se organiza y cataloga una biblioteca / por Jorge Rubió...
Descripción Física:
32 p. ; 19 cm
Otros Autores:
Cámara Oficial del Libro de Barcelona
Materias:
Biblioteques -- Administració
MARC
| LEADER | 00000nam a2200000Ia 4500 | ||
|---|---|---|---|
| 001 | 10364 | ||
| 008 | 160829s1932 xx 000 0 cat d | ||
| 080 | |a RF-1-56 | ||
| 100 | 1 | |a Rubió i Balaguer, Jordi, |d 1887-1982 |9 23533 | |
| 245 | |a Cómo se organiza y cataloga una biblioteca / por Jorge Rubió... | ||
| 260 | |a Barcelona : |b Cámara Oficial del Libro de Barcelona, |c 1932 | ||
| 300 | |a 32 p. ; |c 19 cm | ||
| 650 | |a Biblioteques |x Administració |9 30388 | ||
| 700 | |a Cámara Oficial del Libro de Barcelona |9 25706 | ||
| 856 | 4 | |u https://media.diba.cat/diba/fitxers/arxiu/fulletons/bib_10364_baixa.pdf |y Accés lliure | |
| 856 | 4 | |u https://media.diba.cat/diba/fitxers/arxiu/fulletons/bib_10364_baixa.pdf |y Accés lliure | |
| 901 | |a Arxiu | ||
| 942 | |n 1 |2 udc | ||
| 952 | |0 0 |1 0 |4 0 |6 RF156 |7 1 |9 43750 |a Arxiu |b Arxiu |d 2016-12-01 |l 0 |o RF-1-56 |p 10364 |r 2016-12-01 00:00:00 |w 2016-12-01 |y ARXIU | ||
| 999 | |c 46298 |d 46298 | ||
| 900 | |a bib_10364_baixa.pdf | ||